000 00710nam a2200241 a 4500
008
020 _a9780273792642 (pbk.)
049 _aMAIN
090 _aHD58.7
_bMUL
100 _aMullins, Laurie J.
245 1 0 _aManagement and organisational behaviour /
_cLaurie J. Mullins.
250 _a10th ed.
260 _aEngland :
_bPrentice Hall,
_c2013.
300 _axxxii, 837 p. :
_bcol. ill. ;
_c27 cm.
504 _aIncludes bibliographical references.
500 _aIncludes index.
650 0 _aOrganizational behavior.
907 _a.b10335031
_b22-02-18
_c11-09-13
003
005 20230123122028.0
040 _cNUST
942 _cBOOKS
_kHD58.7
_mMUL
999 _c126567
_d126567